000 00979nam a22002055i 4500
001 162797
003 ES-MaACL
005 20260201063017.0
008 990917s1848 sp |||| | spa d
100 1 _aQuételet, Adolphe,
_d1796-1874
_9155074
245 1 0 _aCartas dirijidas [sic] a S.A.R. el duque reinante de Sajonia Coburgo y Gotha sobre la teoría de la ciencia estadística /
_cpor A. Quetelet ; y traducidas del francés por Juan Bautista Trupita.
260 _aMadrid :
_b[s.n.],
_c1848 (
_fImp. de Baltasar González)
300 _a104 p. ;
_c22 cm.
530 _aDisponible en formato digital.
650 4 _aEstadística.
_912520
700 1 _aTrupita, Juan Bautista.
_9133401
852 4 _aES-MaACL
_jT-33-F-1
_z- Enc. hol., falto de cub. original
_z- Enc. en un vol. facticio
856 4 _uhttp://bvrajyl.rajyl.es/i18n/consulta/registro.cmd?id=8430
_zBiblioteca Virtual de la Real Academia de Jurisprudencia y Legislación
999 _c162797
_d162797